000 00590nam a2200241Ia 4500
005 20260306150626.0
008 008 260114s9999 xx 000 0 eng d
020 _a9798893983449
037 _aEbook
040 _aCRL
040 _beng
040 _cCRL
041 _2eng
041 _aeng
084 _qCRL
245 0 _aLong Route to the Invention of the Telescope
260 _bThe American Philosophical Society Press
260 _c2008
650 _aPhysics
856 _uhttps://www.degruyter.com/isbn/9798893983449
942 _cEBOOK
999 _c1698259
_d1698259